000
00343nam a2200145Ia 4500
008
230718s9999 xx 000 0 und d
041
_a
Eng.
082
_a
608.43
_b
GAL-O
100
_a
Galvin, Silberschaiz
245
0
_a
Operating Syriem Cmcqs
260
_a
Pakistan
_b
exford are Press
_c
2004
300
_a
921
650
_a
Law
999
_c
26104
_d
26104